000 00727cam a2200181 4500
001 13749
005 20230410102057.0
008 060907n1998 dr spa
020 _a1880134276
035 _9funglode13868
041 _aES : EN
050 1 4 _a118 JL 1138 R426 1998
245 0 4 _aLas elecciones presidenciales de 1996 en la República Dominicana /
_cInstituto Nacional Demócrata para Asuntos Internacionales, Consejo de Jefes de Gobierno Libremente Elegidos del Centro Carter
260 _a[s.l.] :
_bInstituto Nacional Demócrata para Asuntos Internacionales,
_c1998
300 _axii, 111, 102 p.
500 _aEncuadernado con: The 1996 presidential election in the Dominican Republic
942 _2lcc
_cbk
999 _c18568
_d18568